Factors in the adoption and use of an electronic communication system for MBA students (Record no. 68887)
[ view plain ]
| 000 -CABECERA | |
|---|---|
| campo de control de longitud fija | 00658nam a2200217 a 4500 |
| 005 - FECHA Y HORA DE LA ÚLTIMA TRANSACCIÓN | |
| campo de control | 20210223123910.0 |
| 008 - ELEMENTOS DE LONGITUD FIJA--INFORMACIÓN GENERAL | |
| campo de control de longitud fija | 991125n 000 0 u |
| 035 ## - NÚMERO DE CONTROL DEL SISTEMA | |
| Número de control de sistema | UPN01000078997 |
| 100 1# - ASIENTO PRINCIPAL--NOMBRE PERSONAL | |
| Nombre de persona | Posner, Barry Z. |
| 9 (RLIN) | 29872 |
| 222 ## - TÍTULO CLAVE | |
| Título clave | JOURNAL OF EDUCATIONAL TECHNOLOGY SYSTEMS |
| 245 ## - MENCIÓN DE TÍTULO | |
| Título | Factors in the adoption and use of an electronic communication system for MBA students |
| 300 ## - DESCRIPCIÓN FÍSICA | |
| Extensión | 5-19 |
| 362 ## - FECHAS DE PUBLICACIÓN Y/O DESIGNACIÓN SECUENCIAL | |
| Fecha de publicación y/o designación secuencial | 21, No. 1, 1992-93 |
| 505 ## - NOTA DE CONTENIDO CON FORMATO PREESTABLECIDO | |
| Nota de contenido con formato | Abril 1993 |
| 653 0# - TERMINO DE INDIZACION - NO CONTROLADO | |
| Término no controlado | EMPRESAS - |
| -- | ADMINISTRACION |
| 653 0# - TERMINO DE INDIZACION - NO CONTROLADO | |
| Término no controlado | CORREO ELECTRONICO |
| 700 ## - ASIENTO SECUNDARIO--NOMBRE DE PERSONAL | |
| Nombre de persona | Danielson, Ronald L. |
| 700 ## - ASIENTO SECUNDARIO--NOMBRE DE PERSONAL | |
| Nombre de persona | Schmidt-Posner, Jackie |
| 904 ## - ELEMENTOS DE DATOS D LOCAL, LDD (RLIN) | |
| a | AC |
| b | 016808 |
| 905 ## - TIPO DE MATERIAL | |
| Tipo de material | Articulo |
No items available.
